ბათუმის შოთა რუსთაველის სახელმწიფო უნივერსიტეტის ბიბლიოთეკა

სამშენებლო ტერმინების მოკლე განმარტებითი ლექსიკონი / (ბიბ.ჩანაწერი № 61246)

000 -ლიდერი
ფიქსირებული სიგრძის საკონტროლო ველი 01745nam a22002537a 4500
003 - საკონტროლო ნომრის იდენტიფიკატორი
საკონტროლო ველი Ge_BSU
005 - ბოლო ოპერაციის თარიღი და დრო
საკონტროლო ველი 20240110121519.0
008 - ფიქსირებული სიგრძის მონაცემთა ელემენტები - ზოგადი ინფორმაცია
ფიქსირებული სიგრძის საკონტროლო ველი 240110s2023 ge ||||| |||| 00| 0 geo d
020 ## - წიგნის საერთაშორისო სტანდარტული ნომერი
International Standard Book Number 9789941289491
041 ## - ენის კოდი
Language code of text/sound track or separate title geo
080 ## - უნივერსალური ათობითი კლასიფიკაციის ინდექსი
Universal Decimal Classification number 69(038)+ 81'374.26:69=353.1 გ-44
100 ## - მთავარი ჩანაწერი - პიროვნების სახელი
Personal name გვიშიანი, ზურაბ
9 (RLIN) 21018
245 ## - ცნობა სათაურის შესახებ
Title სამშენებლო ტერმინების მოკლე განმარტებითი ლექსიკონი /
Statement of responsibility, etc ზურაბ გვიშიანი, თამაზ ხმელიძე ; სამეცნიერო რედაქტორი მერაბ ნიკოლაიშვილი ; საქართველოს ტექნიკური უნივერსიტეტი.
264 ## - წარმოების, გამოცემის, დისტრიბუციის და სხვა ცნობები
გამოცემის, წარმოების, დისტრიბუციის... ადგილი თბილისი :
გამოცემის, წარმოების, დისტრიბუციის... სახელწოდება ტექნიკური უნივერსიტეტი,
გამოცემის, წარმოების, დისტრიბუციის... თარიღი 2023.
300 ## - ფიზიკური აღწერა
Extent 222 გვ. ;
Other physical details 24 სმ
501 ## - შენიშვნა თანმხლებ მასალაზე
With note თავფურცლის მე-3 გვერდი ინგლისურ ენაზე.
504 ## - BIBLIOGRAPHY, ETC. NOTE
Bibliography, etc ბიბლიოგრაფია: გვ. გვ. 220-221.
653 ## - INDEX TERM--UNCONTROLLED
Uncontrolled term სამშენებლო საქმე
653 ## - INDEX TERM--UNCONTROLLED
Uncontrolled term სამშენებლო ტერმინების ლექსიკონი
700 ## - ADDED ENTRY--PERSONAL NAME
Personal name ხმელიძე, თამაზ
Relator term ავტორი
9 (RLIN) 21019
700 ## - ADDED ENTRY--PERSONAL NAME
Personal name ნიკოლაიშვილი, მერაბ,
Relator term სამეცნიერო რედაქტორი
9 (RLIN) 21020
710 ## - ADDED ENTRY--CORPORATE NAME
Corporate name or jurisdiction name as entry element სამეცნიერო რედაქტორი. საქართველოს ტექნიკური უნივერსიტეტი.
9 (RLIN) 21021
942 ## - ADDED ENTRY ELEMENTS (KOHA)
Source of classification or shelving scheme
Koha item type წიგნი
ეგზემპლარები
ჩამოწერის სტატუსი დაკარგული ეგზემპლარის სტატუსი კლასიფიკაციის წყარო ან თაროზე გაწყობის სქემა დაზიანების სტატუსი არ გაიცემა მუდმივი მდებარეობა (დაცვის ადგილი) ამჟამინდელი ადგილსამყოფელი თაროზე განთავსების ადგილი შეძენის თარიღი ღირებულება, შესყიდვის ნორმალური ფასი სრული შენახვის შიფრი შტრიხკოდი ბოლო ოპერაციის თარიღი ეგზემპლარის მიმდევრობითი ნომერი (კეტერი?) ფასის ძალაში შესვლის თარიღი ეგზემპლარის სახეობა საჯარო შენიშვნა
          ბათუმის შოთა რუსთაველის სახელმწიფო უნივერსიტეტის მთავარი ბიბლიოთეკა ბათუმის შოთა რუსთაველის სახელმწიფო უნივერსიტეტის მთავარი ბიბლიოთეკა წიგნსაცავი 2024-01-10 48.00 69(038)+ 81'374.26:69=353.1 გ-44 67022 2024-01-10 67022 2024-01-10 წიგნი 48 ლ.
          ბათუმის შოთა რუსთაველის სახელმწიფო უნივერსიტეტის მთავარი ბიბლიოთეკა ბათუმის შოთა რუსთაველის სახელმწიფო უნივერსიტეტის მთავარი ბიბლიოთეკა წიგნსაცავი 2024-01-10 48.00 69(038)+ 81'374.26:69=353.1 გ-44 67023 2024-01-10 67023 2024-01-10 წიგნი 48 ლ.
          ბათუმის შოთა რუსთაველის სახელმწიფო უნივერსიტეტის მთავარი ბიბლიოთეკა ბათუმის შოთა რუსთაველის სახელმწიფო უნივერსიტეტის მთავარი ბიბლიოთეკა წიგნსაცავი 2024-01-10 48.00 69(038)+ 81'374.26:69=353.1 გ-44 67024 2024-01-10 67024 2024-01-10 წიგნი 48 ლ.